000 01321nam0a22003131 4500
001 rc\4858986
005 20260407024743.0
021 _aRU
_b[65-5651]
035 _a(NLR Aleph) 008903260
090 _a8716620
_c8716620
100 _a20130426d1964 |||y0rusy50 ca
101 0 _arus
102 _aRU
105 _aa b |||||
200 1 _aРусское, советское, западноевропейское искусство
_eЖивопись. Графика
_eКаталог
_fГос. музей-усадьба В.Д. Поленова
210 _aЛенинград
_cХудожник РСФСР
_d1964
215 _a267 с.
_cил.
_d23
300 _aНа обороте тит. л. сост.: Е.А. Чернышева
320 _aБиблиогр.: с. 211-219
606 _aИзобразительное искусство
_xМузейные собрания
_yПоленово
_2psbo
702 1 _aПоленов
_bВ.Д.
_gВасилий Дмитриевич
_4570
702 1 _aЧернышева
_bЕ.А.
_4220
712 0 2 _4570
_aМузей-усадьба В. Д. Поленова
_cс. Страхово, Тульская обл.
_3RU\NLR\AUTH\8810010412
_9518500
801 0 _aRU
_bNLR
_gpsbo
801 1 _aRU
_bELAR
_2rusmarc
852 _aNLR
_j65-5/568
942 _cBOOK
980 _aNB